000100038 001__ 100038 000100038 005__ 20260417084453.0 000100038 0247_ $$2HSB$$a910015421 000100038 0247_ $$2ISBN$$a978-3-00-026060-5 000100038 037__ $$aRWTH-CONV-172954 000100038 041__ $$aEnglish 000100038 1001_ $$0P:(DE-82)020087$$aFritzmann, Clemens$$b0 000100038 1112_ $$a12. Aachener Membran Kolloquium$$cAachen$$d2008-10-29 - 2008-10-30$$wGermany 000100038 245__ $$aOptical Measurement of Dispersion in Spacer-Filled Channels$$hprint 000100038 260__ $$aAachen$$bVIVTA, Verein zur Förderung des Instituts für Verfahrenstechnik der RWTH Aachen e.V.$$c2008 000100038 29510 $$a12th Aachener Membran Kolloquium : 29th and 30th October 2008 / organised by VIVTA. AVT, Aachener Verfahrenstechnik; RWTH Aachen ... 000100038 3367_ $$0PUB:(DE-HGF)8$$2PUB:(DE-HGF)$$aContribution to a conference proceedings$$bcontrib$$mcontrib 000100038 3367_ $$033$$2EndNote$$aConference Paper 000100038 3367_ $$2ORCID$$aCONFERENCE_PAPER 000100038 3367_ $$2DataCite$$aOutput Types/Conference Paper 000100038 3367_ $$2DRIVER$$aconferenceObject 000100038 3367_ $$2BibTeX$$aINPROCEEDINGS 000100038 3367_ $$0PUB:(DE-HGF)7$$2PUB:(DE-HGF)$$aContribution to a book 000100038 500__ $$aNebent.: Proceedings // 12th Aachener Membran Kolloquium 000100038 7001_ $$0P:(DE-82)109454$$aBayer, Christoph Florian Martin$$b1 000100038 7001_ $$0P:(DE-82)001666$$aMelin, Thomas$$b2 000100038 909CO $$ooai:publications.rwth-aachen.de:100038$$pVDB 000100038 9201_ $$0I:(DE-82)416110_20140620$$k416110$$lLehrstuhl für Chemische Verfahrenstechnik und Institut für Verfahrenstechnik$$x0 000100038 961__ $$c2014-11-21$$x2010-01-20$$z2012-02-20 000100038 970__ $$ahsb910015421 000100038 980__ $$acontrib 000100038 980__ $$aI:(DE-82)416110_20140620 000100038 980__ $$aVDB 000100038 980__ $$aUNRESTRICTED 000100038 980__ $$aConvertedRecord 000100038 980__ $$acontb